Zdokonaľovanie devízovo-finančných vzťahov a nástrojov hmotnej stimulácie efektívnej účasti v medzinárodnej deľbe práce SPEV 907.203
Na minha lista:
| Formato: | Livro |
|---|---|
| Idioma: | eslovaco |
| Publicado em: |
Bratislava
Výskumný ústav fin. a úver. sústavy
1984
|
| Colecção: | Výskumné práce
VP-1/84 |
| Tags: |
Sem tags, seja o primeiro a adicionar uma tag!
|
MARC
| LEADER | 00000nam a2200000 4500 | ||
|---|---|---|---|
| 001 | c112835 | ||
| 005 | 20181203150321.4 | ||
| 041 | 0 | |a slo | |
| 044 | |a SK | ||
| 245 | 1 | 0 | |a Zdokonaľovanie devízovo-finančných vzťahov a nástrojov hmotnej stimulácie efektívnej účasti v medzinárodnej deľbe práce |b SPEV 907.203 |
| 264 | 1 | |a Bratislava |b Výskumný ústav fin. a úver. sústavy |c 1984 | |
| 300 | |a 109 s. | ||
| 490 | 1 | |a Výskumné práce |v VP-1/84 | |
| 830 | 0 | |a Výskumné práce |v VP-1/84 | |